Statistiken für Die Französische Revolution

Klicken Sie hier um das Quiz zu spielen!

Allgemein

  • Dieses Quiz wurde 3.895 mal gespielt
    (3.864 seit der letzten Aktualisierung)
  • Das Durchschnittsergebnis liegt bei 12 aus 20

Antwortstatistiken

FrageAntwort% Korrekt
Welches Gefängnis wurde 1789 gestürmt?Bastille
87%
Wer stieg zum Diktator Frankreichs nach der Revolution auf?Napoleon Bonaparte
87%
Welches Königspaar wurde 1793 enthauptet?Ludwig XVI.
85%
Welches Gerät wurde zur Enthauptung eingesetzt?Guillotine
80%
Welches revolutionäre Motto, 1790 zum ersten Mal gebraucht, ist heute
der Wahlspruch Frankreichs?
Freiheit, Gleichheit,
{Brüderlichkeit}
79%
Welches waren die "drei Stände" vor der Revolution?Adel
78%
Welches waren die "drei Stände" vor der Revolution?Bauern
77%
Welches Königspaar wurde 1793 enthauptet?Marie Antoinette
74%
Welches waren die "drei Stände" vor der Revolution?Klerus
64%
Was sagte diese Königin angeblich, was Menschen essen sollen,
wenn sie kein Brot mehr haben?
Kuchen
64%
Frankreichs Nationalhymne wurde 1792 geschrieben. Nach welcher Stadt
wurde sie benannt?
Marseille
63%
Wem wurden keine Rechte in der "Erklärung der Menschenrechte" zugesprochen?Frauen
59%
Welche Zeiteinheit wurde auf zehn Tage verlängert?die Woche
57%
Wie heißt die Periode, von 1793 bis 1794, in der tausende exekutiert wurdendie {Terror}herrschaft
53%
Welcher "unbestechliche" und blutdürstige Revolutionär wurde 1794 hingerichtet?Maximilien Robespierre
42%
An welchem Tag dieses Jahres wurde es gestürmt?14. Juli
41%
Welches Gewichts- und Maßeinheitensystem wurde 1791 eingeführt?Metrisches System
40%
Welche kleine Gruppe führte Frankreich während dieser Zeit?{Wohlfahrts}ausschuss
10%
Welcher Charles-Dickens-Roman spielt in London und Paris während
der Französischen Revolution?
Eine Geschichte aus
zwei Städten
7%
Welcher atheistische Kult wurde als Ersatz für den Katholizismus vorgeschlagen?Kult der {Vernunft}
7%

Verteilung der Resultate

Perzentil nach korrekt beantworteten Fragen

Anzahl Personen mit jedem Resultat

Ihre Resultats-Entwicklung

Sie haben dieses Quiz seit der letzten Aktualisierung nicht gespielt